LDR 00627naa#a2200169#i#450# 001 EN\\bibl\121986 005 20260501044738.5 011 ## _a0320-3557 100 ## _a20251220b2025####ek#y0engy0150####ca 102 ## _aRU 200 1# _aNIKOLAY VASILYEVICH BUTORIN (on the occasion of the 100th anniversary of his birth) _eJournal article 210 1# _aBorok _cPapanin Institute for Biology of Inland Waters Russian Academy of Sciences _d2025 215 ## _a8 с. 608 ## _aJournal article _2local 675 ## _aГидросфера. Вода в целом. Общая гидрология. 556 _z 700 #1 _aZakonnov _gV. V. 856 4# _aibiw.editorum.ru _u